=LDR 00000nam 2200000 4500 =001 INLIS000000000005762 =005 20130612093952 =008 ***********************************Ind** =035 ##$$0010-061300000005762 =041 ##$$a Ind =082 ##$$a 005.45 =090 ##$$a 005.45, Ers p =100 ##$$a Erskine, Robert =245 ##$$a Panduan praktis bahasa assembly seri 68000, Robert ERskine =260 ##$$a 1987 $b Jakarta =300 ##$$a vii, 59 hlm., 25 cm =650 ##$$a Komputer =700 ##$$a Susanto